Inovatívne prístupy v telesnej výchove na vysokých školách: aerobik ako nástroj komplexného rozvoja študentov

Salvato in:
Dettagli Bibliografici
Autore principale: Lörincziová, Drahomíra, 1971-
Natura: Capitolo di libro
Lingua:slovacco
Soggetti:
Tags: Aggiungi Tag
Nessun Tag, puoi essere il primo ad aggiungerne!!

MARC

LEADER 00000naa$a2200000$$$4500
001 0306565
005 20251028112444.3
041 0 |a slo 
044 |a SK 
245 1 0 |a Inovatívne prístupy v telesnej výchove na vysokých školách: aerobik ako nástroj komplexného rozvoja študentov  |c Drahomíra Lörincziová 
500 |a Abstrakt 
610 2 0 |a šport 
610 2 0 |a školy vysoké 
610 2 0 |a študenti 
610 2 0 |a starostlivosť o zdravie 
100 1 |a Lörincziová, Drahomíra, 1971-